| 000 | 01383nam a22003377a 4500 | ||
|---|---|---|---|
| 003 | CHAP | ||
| 005 | 20220329141625.0 | ||
| 008 | 971013s1963 r 00010 d | ||
| 010 | _a71200 | ||
| 011 | _a72172 | ||
| 035 | _a81726 | ||
| 040 | _cCHAP | ||
| 082 |
_a338.972 _bB35 |
||
| 110 |
_aBanco de México. Departamento de Investigaciones Industriales _99835 |
||
| 245 | _aEstudios sobre sustitución de importaciones | ||
| 260 |
_aMéxico, D. F. : _bEl Banco, _c1963- |
||
| 300 | _av. | ||
| 500 | _av.2 Equipos y materiales para la industria del petróleo y del gas natural. v.3 Sustitución de importaciones y política industrial. Resinas sintéticas: celulosa para disolver. Hules vírgenes sólidos. Plaguicidas orgánicos sintéticos para uso agro | ||
| 505 | _aContenido: v.1 | ||
| 590 |
_aBATCH-UPD _b10 _c20130110 _lUCH01 _h1237 |
||
| 590 |
_aBATCH-UPD _b10 _c20130410 _lUCH01 _h0805 |
||
| 590 |
_aBATCH-UPD _b10 _c20130914 _lUCH01 _h1931 |
||
| 590 |
_aCONVERSION _b10 _c20130109 _lUCH01 _h1339 |
||
| 650 | 1 | 4 |
_aPolítica comercial _zMéxico. _990479 |
| 901 | _aBK | ||
| 942 | _cLIBRO | ||
| 949 |
_a338.972 B35 _bBC _cBPA _d-150410 _eBPA _fv.1 _h6660 _i81726 _si |
||
| 949 |
_a338.972 B35 _bBC _cBPA _d-35310 _eBPA _fv.2 _h6661 _i81726 _si |
||
| 949 |
_a338.972 B35 _bBC _cBPA _d-35314 _eBPA _fv.3 _h6662 _i81726 _si |
||
| 949 |
_a338.972 B35 _bBC _cBPA _d-35315 _eBPA _fv.3 c.2 _h6663 _i81726 _si |
||
| 999 |
_c71200 _d71200 |
||